International focus on USA (Record no. 112654)
[ view plain ]
| 000 -LEADER | |
|---|---|
| fixed length control field | 00954cad a22002295a 4500 |
| 001 - CONTROL NUMBER | |
| control field | L153697 |
| 008 - FIXED-LENGTH DATA ELEMENTS--GENERAL INFORMATION | |
| fixed length control field | 110818s2011 xxk 000 0 eng d |
| 035 ## - SYSTEM CONTROL NUMBER | |
| System control number | (Sirsi) u153697 |
| 041 0# - LANGUAGE CODE | |
| Language code of text/sound track or separate title | eng |
| 100 1# - MAIN ENTRY--PERSONAL NAME | |
| Personal name | Newton, John |
| 245 00 - TITLE STATEMENT | |
| Title | International focus on USA |
| Remainder of title | Summer 2011 |
| Medium | [electronic resource] |
| 260 ## - PUBLICATION, DISTRIBUTION, ETC. | |
| Place of publication, distribution, etc. | [S.l.] |
| Name of publisher, distributor, etc. | EC Harris |
| Date of publication, distribution, etc. | 2011 |
| 490 #0 - SERIES STATEMENT | |
| Series statement | EC Harris International Focus |
| 520 ## - SUMMARY, ETC. | |
| Summary, etc. | Construction costs to rise as US economy slowly comes out of recession; United States economy, the real estate market, commercial real estate trends, economy and construction - USA at a glance, effects of funding constraints. |
| 590 ## - LOCAL NOTE (RLIN) | |
| Local note | KA NTK |
| 651 #4 - SUBJECT ADDED ENTRY--GEOGRAPHIC NAME | |
| Geographic name | United States |
| Chronological subdivision | 1959- |
| 690 ## - LOCAL SUBJECT ADDED ENTRY--TOPICAL TERM (OCLC, RLIN) | |
| Topical term or geographic name as entry element | BUILT ENVIRONMENT-CONSTRUCTION MARKET |
| 700 1# - ADDED ENTRY--PERSONAL NAME | |
| Personal name | Moore, Paul |
| 710 1# - ADDED ENTRY--CORPORATE NAME | |
| Corporate name or jurisdiction name as entry element | EC Harris |
| 9 (RLIN) | 4930 |
| 856 40 - ELECTRONIC LOCATION AND ACCESS | |
| Uniform Resource Identifier | <a href="https://www.echarris.com/pdf/7998_International%20Focus%20on%20USA_Final.pdf">https://www.echarris.com/pdf/7998_International%20Focus%20on%20USA_Final.pdf</a> |
| Public note | View the item free of charge at www.echarris.com |
| 942 ## - ADDED ENTRY ELEMENTS (KOHA) | |
| Suppress in OPAC | 0 |
| Withdrawn status | Lost status | Source of classification or shelving scheme | Damaged status | Not for loan | Home library | Current library | Shelving location | Date acquired | Total Checkouts | Full call number | Barcode | Date last seen | Copy number | Price effective from | Koha item type |
|---|---|---|---|---|---|---|---|---|---|---|---|---|---|---|---|
| Dewey Decimal Classification | Virtual | Virtual | Online | 18/08/2011 | ONLINE PUBLICATION | 153697-2001 | 06/08/2019 | 1 | 06/08/2019 | Book |